Ashley Tisdale Movies - Statistics

General Stats
  • This quiz has been taken 12 times
    10 since last reset
  • The average score is 4 of 26
Answer Stats
Year Movie % Correct
2006 High School Musical
100%
2007 High School Musical 2
80%
2008 High School Musical 3: Senior Year
50%
2011 Sharpay's Fabulous Adventure
50%
1998 A Bug's Life
20%
2009 Aliens in the Attic
10%
2018 Charming
10%
2014 Cloud 9
10%
2018 Daphne and Velma
10%
2001 Donnie Darko
10%
2011 Phineas and Ferb the Movie: Across the 2nd Dimension
10%
2020 Phineas and Ferb the Movie: Candace Against the Universe
10%
2008 Picture This
10%
2013 Scary Movie V
10%
2002 The Mayor of Oyster Bay
10%
2016 Amateur Night
0%
1998 An All Dog's Christmas Carol
0%
2012 Before We Made It
0%
2010 Birds of Paradise
0%
2018 Pandas in New York
0%
2014 Playing it Cool
0%
2013 Saving Santa
0%
2007 That's So Suite Life of Hannah Montana
0%
2007 The Game Plan
0%
2021 The Unholy
0%
1995 Whisper of the Heart
0%
No matching quizzes found
Score Distribution
Percent of People with Each Score
Percentile by Number Answered
Your Score History
You have not taken this quiz since the last reset